00000000nam##2200000za#4500
0019.687901
003CaOODSP
00520210624231202
007cr |||||||||||
008150407|2006||||xxc|||||o    f|0| 0 eng|d
020 |a0-662-42094-2
040 |aCaOODSP|beng
043 |an-cn---
0861 |aCH24-12/2005E-PDF
1101 |aCanada.|bCanadian Heritage. |bSport Canada.
24510|aLinguistic barriers to access to high performance sport - study, 2005 / |h[electronic resource]|c[by] Mira Svoboda [and] Peter Donnelly.
260 |aOttawa - Ontario : |bCanadian Heritage. |c2006.
300 |a58p.|btables
504 |aBibliography.
5203 |aThis report presents the results of a study that examined the barriers to high-performance sport for Francophone athletes in Canada. It discusses linguistic barriers to participation in comparison with financial and geographic barriers. The report also looks at coaching and provides an overview of the institutional infrastructure to assess the progress in bilingualism in sports. The 14 recommendations are directed at Sport Canada and cover both the short and long term.
590 |a06-39|b2006-09-29
69007|aLanguage policy|2gcpds
69007|aSports|2gcpds
7102 |aTNS Canadian Facts.
7201 |aSvoboda, Mira
7201 |aDonnelly, Peter
77508|tLes obstacles linguistiques à l'accès au sport de haut niveau - étude, 2005 / |w(CaOODSP)9.632341
7760#|tLinguistic barriers to access to high performance sport - study, 2005 / |w(CaOODSP)9.667971
7760#|tLes obstacles linguistiques à l'accès au sport de haut niveau - étude, 2005 / |w(CaOODSP)9.667972
85640|ahttp://publications.gc.ca|qPDF|s563 KB|uhttps://publications.gc.ca/collections/Collection/CH24-12-2005E.pdf